| 000 | 00866cam a22001691 4500 | ||
|---|---|---|---|
| 041 | _aENG | ||
| 082 | 0 | 0 |
_a306.0954 _bRAD |
| 100 | _aRadhakrishnan. Sarvepalli | ||
| 245 | 0 | 4 | _aThe cultural heritage of India. |
| 250 | _a[2d ed. rev. and enl.] | ||
| 260 |
_aCalcutta, _bRamakrishna Mission, Institute of Culture _c[1953-<2006> |
||
| 300 |
_av. <1-6, 7, pt. 1> _bplates, ports. |
||
| 500 | _aVols. 3-4: Edited by Haridas Bhattacharyya, v. 5 of Suniti Kumar Chatterji; v. 6: editors, Priyadaranjan Ray and S.N. Sen; v. 7, pt. 1.: edited by Kapila Vatsyayan. | ||
| 505 | 1 | _av. 1. The early phases. 1958.--v. 2. Itihāsas, Purāṇas, Dharma and other śāstras. 1962.--v. 3. The philosophies. 1953.--v. 4. The religious. 1956.--v. 5. Languages and literatures.--v. 6. Science and technology -- v. 7, pt. 1. The arts | |
| 700 | 1 | _aBhattacharyya, Haridas, | |
| 942 | _cBK | ||
| 999 |
_c22757 _d22757 |
||